Представление документа в формате RUSMARC

ПолеНазваниеЗначение
  Тип записи a
  Библиографический уровень m
001 Контрольный номер 810d2e8763114f29bc23fffa650eb9db
005 Дата корректировки 20241122161316.4
010 Индекс ISBN __
d Цена 1515-15
100 Данные общей обработки __
a Данные общей обработки 20240628d2024 d y0rusy028902 ca
101 Язык документа 0_
a Язык текста rus
102 Страна публикации __
a Страна публикации RU
105 Кодированные данные (монография) __
a Кодированные данные (монография) y z 000ay
181 Поле кодированных данных: вид содержания _0
a Код вида содержания (ISBD) i
182 Поле кодированных данных: тип средства _0
a Код типа средства (ISBD) n
200 Заглавие и сведения об ответственности 1_
a Заглавие Кн. 1
203 Вид содержания и тип средства __
a Вид содержания Текст
c Тип средства непосредственный
210 Выходные данные 1_
d Дата издания 2024
215 Физическое описание __
a Объем 121 с.
333 Примечание о целевом назначении __
a Примечание о целевом назначении 12+. Для детей старше 12 лет
461 Уровень набора _0
1 700 1
a Фраерман
b Р. И.
g Рувим Исаевич
f 1981-1972
1 2001
a Дикая собака Динго, или Повесть о первой любви
f Рувим Фраерман
e в 2 книгах
v Кн. 1
1 2101
a Москва
c Чинар
d 2024
1 00162f3ffb9eb6043509d42ba29e8a5b5e8
1 203
a Текст
c непосредственный
1 2252
a Круг чтения
e издание для слабовидящих
606 Тематические рубрики __
2 Код системы nlr_sh
a Основная рубрика Художественная литература
606 Тематические рубрики __
2 Код системы nlr_sh
a Основная рубрика Русская литература XX в. (произведения)
610 Ключевые слова 0_
a Ключевые слова детская литература
610 Ключевые слова 0_
a Ключевые слова подростковая литература
610 Ключевые слова 0_
a Ключевые слова повести
610 Ключевые слова 0_
a Ключевые слова советская литература
610 Ключевые слова 0_
a Ключевые слова тема верности
610 Ключевые слова 0_
a Ключевые слова тема дружбы
610 Ключевые слова 0_
a Ключевые слова тема любви
610 Ключевые слова 0_
a Ключевые слова тема первой любви
610 Ключевые слова 0_
a Ключевые слова тема подростков
610 Ключевые слова 0_
a Ключевые слова тема преданности
610 Ключевые слова 0_
a Ключевые слова тема взросления
610 Ключевые слова 0_
a Ключевые слова тема чувств
686 Индексы других классификаций __
2 Код системы rubbks
a Классификационный индекс 84(2=411.2)6-4; ст84(2=411.2)6-4
801 Источник записи _0
a Страна RU
b Организация Муниципальное бюджетное учреждение культуры "Централизованная библиотечная система" г. Сургут (Центральная городская библиотека им. А. С. Пушкина)
c Дата составления 20240628
g Правила каталогизации PSBO
801 Источник записи _1
a Страна RU
b Организация Муниципальное бюджетное учреждение культуры "Централизованная библиотечная система" г. Сургут (Центральная городская библиотека им. А. С. Пушкина)
c Дата составления 20240628
g Правила каталогизации PSBO
852 Данные о местонахождении __
i Авторский знак Ф 82
j Шифр хранения 84(2=411.2)6-4
900 Макрообъекты __
a Макрообъекты Дикая собака Динго, или Повесть о первой любви. Книга 1. Для слабовидящих. Р. Фраерман, 2024
901 Тип документа __
t Тип документа n
w Контрольный № источника 62f3ffb9eb6043509d42ba29e8a5b5e8
a Ответственный ООФиК/Губина
903 Характеристики (МАРС) __
c Наименование библиотеки (МАРС) Муниципальное бюджетное учреждение культуры "Централизованная библиотечная система" г. Сургут (Центральная городская библиотека им. А. С. Пушкина)
a Дата передачи 20240628
969 Тип издания __
a Тип издания спецформат-крупношрифтовое
a Тип издания издание для слепых
a Тип издания крупношрифтовое издание
a Тип издания издание для детей
a Тип издания издание для подростков
990 Данные о заказе (DOS) __
j Количество экземпляров (DOS) 1
t N записи в КСУ для И/У (DOS) 202407